| 000 -LEADER |
| fixed length control field |
00352nam a22001217a 4500 |
| 008 - FIXED-LENGTH DATA ELEMENTS--GENERAL INFORMATION |
| fixed length control field |
250226b ||||| |||| 00| 0 eng d |
| 020 ## - INTERNATIONAL STANDARD BOOK NUMBER |
| International Standard Book Number |
9780008537111 |
| 082 ## - DEWEY DECIMAL CLASSIFICATION NUMBER |
| Classification number |
794.8 MOJ |
| 100 ## - MAIN ENTRY--PERSONAL NAME |
| Personal name |
MOJANG |
| Relator term |
AUTHOR |
| 245 ## - TITLE STATEMENT |
| Title |
MINECRAFT |
| 260 ## - PUBLICATION, DISTRIBUTION, ETC. |
| Place of publication, distribution, etc. |
MACKEN HOUSE,39/40 MAYOR STREET UPPER, DUBLIN 1.D01 C9W8.IRELAND |
| Name of publisher, distributor, etc. |
HARPERCOLLINSPUBLISHERS |
| Date of publication, distribution, etc. |
2023 |
| 942 ## - ADDED ENTRY ELEMENTS (KOHA) |
| Source of classification or shelving scheme |
|